Le Rijksmuseum (Record no. 2721)

MARC details
000 -CABECERA
campo de control de longitud fija 00944nam a2200277 a 4500
001 - NÚMERO DE CONTROL
campo de control BRCA_2982
005 - FECHA Y HORA DE LA ÚLTIMA TRANSACCIÓN
campo de control 20190320204045.0
008 - DATOS DE LONGITUD FIJA--INFORMACIÓN GENERAL
campo de control de longitud fija 141112s1971----fr-a######---#000-0#fre-u
041 ## - CÓDIGO DE LENGUA
Código de lengua del texto/banda sonora o título independiente fre
044 ## - CÓDIGO DEL PAÍS DE LA ENTIDAD EDITORA/PRODUCTORA
Código MARC del país fr
050 #4 - SIGNATURA TOPOGRÁFICA DE LA BIBLIOTECA DEL CONGRESO
Número de clasificación N2460
Número de documento/Ítem .R55 1971
245 10 - MENCIÓN DE TÍTULO
Título Le Rijksmuseum
Resto del título Amsterdam
Mención de responsabilidad, etc. avec la collaboration de Giorgio T. Faggin, Raffaele Monti, Ugo Ruggeri ; traduction de Mathilde Pascalis.
260 ## - PUBLICACIÓN, DISTRIBUCIÓN, ETC.
Lugar de publicación, distribución, etc. París
Nombre del editor, distribuidor, etc. Deux Coqs d´Or
Fecha de publicación, distribución, etc. 1971
300 ## - DESCRIPCIÓN FÍSICA
Extensión 171 p.
Otras características físicas il. a color
Dimensiones 30 cm.
440 #0 - MENCIÓN DE SERIE/PUNTO DE ACCESO ADICIONAL--TÍTULO
Título Les musées du monde
Designación de volumen o secuencia 8
9 (RLIN) 8260
500 ## - NOTA GENERAL
Nota general Incluye tabla de ilustraciones e índice de nombres
500 ## - NOTA GENERAL
Nota general Colección Sonia Corcuera de Mancera
504 ## - NOTA DE BIBLIOGRAFÍA, ETC.
Nota de bibliografía, etc. Bibliografía: p. 168
610 24 - PUNTO DE ACCESO ADICIONAL DE MATERIA--NOMBRE DE ENTIDAD CORPORATIVA
Nombre de entidad corporativa o nombre de jurisdicción como elemento de entrada Rijksmuseum
Subdivisión de forma Catálogos
Subdivisión geográfica Amsterdam (Holanda)
9 (RLIN) 8261
700 1# - PUNTO DE ACCESO ADICIONAL--NOMBRE DE PERSONA
Nombre de persona Faggin, Giorgio T.
9 (RLIN) 8262
700 1# - PUNTO DE ACCESO ADICIONAL--NOMBRE DE PERSONA
Nombre de persona Monti, Raffaele
9 (RLIN) 8263
700 1# - PUNTO DE ACCESO ADICIONAL--NOMBRE DE PERSONA
Nombre de persona Ruggeri, Ugo
9 (RLIN) 8264
700 1# - PUNTO DE ACCESO ADICIONAL--NOMBRE DE PERSONA
Nombre de persona Pascalis, Mathilde
Término indicativo de función/relación tr.
9 (RLIN) 8265
902 ## - CATALOGADOR
Iniciales DSC
942 ## - ELEMENTOS DE PUNTO DE ACCESO ADICIONAL (KOHA)
Fuente del sistema de clasificación o colocación Library of Congress Classification
Tipo de ítem Koha Libros
Holdings
Estado de retiro Estado de pérdida Estado dañado No para préstamo Localización permanente Ubicación/localización actual Fecha de adquisición Total de préstamos Signatura topográfica completa Código de barras Fecha visto por última vez Precio válido a partir de Tipo de ítem Koha
El ejemplar forma parte de la colección y puede ser consultado según las políticas vigentes.       Biblioteca del Museo Franz Mayer (Rogerio Casas-Alatriste) Biblioteca del Museo Franz Mayer (Rogerio Casas-Alatriste) 23/12/2008   N2460 .R55 1971 DSC00122 22/03/2019 22/03/2019 Libros